A Laugh riot mail today karl, aaj aur kal / (Record no. 533077)
[ view plain ]
| 000 -LEADER | |
|---|---|
| fixed length control field | 00321nam a22001337a 4500 |
| 003 - CONTROL NUMBER IDENTIFIER | |
| control field | NUST |
| 038 ## - RECORD CONTENT LICENSOR | |
| Staff Name | M.Ramzan |
| 082 ## - DEWEY DECIMAL CLASSIFICATION NUMBER | |
| Classification number | 822 |
| Author Mark | BRO |
| 100 ## - MAIN ENTRY--PERSONAL NAME | |
| Personal name | Broacha, Cyrus. |
| 9 (RLIN) | 26755 |
| 245 ## - TITLE STATEMENT | |
| Title | A Laugh riot mail today karl, aaj aur kal / |
| 260 ## - PUBLICATION, DISTRIBUTION, ETC. | |
| Place of publication, distribution, etc. | UK: |
| Name of publisher, distributor, etc. | Random House Group, |
| Date of publication, distribution, etc. | 2010. |
| 300 ## - PHYSICAL DESCRIPTION | |
| Extent | 234 p, : |
| 942 ## - ADDED ENTRY ELEMENTS (KOHA) | |
| Source of classification or shelving scheme | |
| Koha item type | Book |
| Withdrawn status | Lost status | Source of classification or shelving scheme | Damaged status | Not for loan | Permanent Location | Current Location | Date acquired | Total Checkouts | Total Renewals | Full call number | Barcode | Checked out | Date last seen | Date last checked out | Price effective from | Koha item type |
|---|---|---|---|---|---|---|---|---|---|---|---|---|---|---|---|---|
| School of Civil and Environmental Engineering (SCEE) | School of Civil and Environmental Engineering (SCEE) | 12/11/2019 | 3 | 1 | 822 BRO | NIT-8801 | 11/25/2024 | 10/26/2024 | 10/26/2024 | 12/11/2019 | Book |
